000 00374 a2200145 4500
005 20250711095019.0
020 _a973 9976 60 518 1
082 _a657.48 ASS
100 _aASSAD, M. J.
245 _aIntroductory Financial Accounting.
260 _aDar es Salaam,
_bNBAA,
_c2014.
300 _axiii, 437p.: ill.;
_bIndex
_c26cm
700 _aBAUTISTA, I. V.
942 _2ddc
_cBKS
999 _c6664
_d6664